Gazdag föld ez, Tibet földje
Elmentve itt :
| Szerző: | |
|---|---|
| Adatforrás: | Meister |
| Forrásdokumentuma: | Helikon. - 8 sz., 1992, 5 p. |
| Nyelv: | magyar |
| Kulcsszavak: | irodalomtörténet etnográfia lámaizmus népköltészet tibetológia Tibet |
| LEADER | 00459nab a2200181 i 4500 | ||
|---|---|---|---|
| 001 | bibPRO00009429 | ||
| 008 | 060524s1992 xx hun | ||
| 040 | |a Sz1 | ||
| 041 | |a hun | ||
| 100 | 1 | |a SÁRI László | |
| 245 | 1 | 0 | |a Gazdag föld ez, Tibet földje |c SÁRI László |
| 695 | |a irodalomtörténet | ||
| 695 | |a etnográfia | ||
| 695 | |a lámaizmus | ||
| 695 | |a népköltészet | ||
| 695 | |a tibetológia | ||
| 695 | |a Tibet | ||
| 773 | 0 | |t Helikon. - |g 8 sz., 1992, 5 p. | |